Cookie Run Ovenbreak: All Pets - Statistics

General Stats
  • This quiz has been taken 7 times
  • The average score is 54 of 129
Answer Stats
Cookies Pets % Correct
Adventurer Cookie Backpacky
100%
Apple Cookie Apple Rabbit
80%
Angel Cookie Celestial Star
80%
Gingerbright Cheese Drop
80%
Cinnamon Cookie Cinnamon Bunny
80%
Knight Cookie Dragon's Tail
80%
Devil Cookie Flame Bat
80%
Blackberry Cookie Ghost Butler
80%
Cheerleader Cookie Glitter Ball
80%
Hero Cookie Jellyco Cube
80%
Fire Spirit Cookie Magmabird
80%
Cocoa Cookie Marshmallow Hamster
80%
Ananas Dragon Cookie Pineapplemur
80%
Blueberry Pie Cookie Antique Bookmark
60%
Cyborg Cookie BB Battery
60%
Gingerbrave Choco Drop
60%
Churro Cookie Churro Stump
60%
Croissant Cookie | Timekeeper Cookie Cosmos Gear
60%
Earl Grey Cookie Crying Saucer
60%
Dino-Sour Cookie Dino Egg
60%
Moonlight Cookie Dreamcatcher
60%
Alchemist Cookie Energy Scale
60%
Cheesecake Cookie Fluffy Cheese Cat
60%
Kumiho Cookie Fox Bead
60%
Herb Cookie Herb Teapot
60%
Grapefruit Cookie Juice Tumbler
60%
Soda Cookie Lemon Slice
60%
Ninja Cookie Little Ghost
60%
Gumball Cookie Mini Jackson No. 2
60%
Lime Cookie Mr. Limeguard
60%
Vampire Cookie Oak Barrel
60%
Dr. Wasabi Cookie Octo Wasabi
60%
Pink Choco Cookie Pink Candy
60%
Cookiemals Pure Cream
60%
DJ Cookie Rave Machine
60%
Cherry Cookie Rocket Firecracker
60%
General Jujube Cookie Uncooling Teacup
60%
Carol Cookie Yule Log Cake
60%
Avocado Cookie Avocatapult
40%
Ion Cookie Robot B3-4R
40%
Chili Pepper Cookie Bad Pepper
40%
Beet Cookie Beetster
40%
Captain Ice Cookie Boatswain Anchor
40%
Wizard Cookie Book of Wisdom
40%
Zombie Cookie Brain Gum
40%
Pilot Cookie Cloud Pelican
40%
Cotton Candy Cookie Cotton Candy Bird
40%
Pitaya Dragon Cookie Dragon Fruitling
40%
Muscle Cookie Dumbbell Twins
40%
Lobster Cookie Eerie Anglerfish
40%
Lemon Cookie Electro Lemon
40%
Wind Archer Cookie Emerald Golem
40%
Purple Yam Cookie Firestarter
40%
Fairy Cookie Flower Pod
40%
Fig Cookie Fruit Doe
40%
Pirate Cookie Giggle Bomb
40%
Matcha Cookie Green Tea Bag
40%
Mustard Cookie Hot Doggie
40%
Walnut Cookie Junior Sleuth Ted
40%
Kiwi Cookie Kiwi Bird
40%
Skater Cookie Lucky Dice Bros
40%
Mango Cookie Mango Toucan
40%
Plum Cookie Master Prune
40%
Cream Unicorn Cookie Meringue Horn
40%
Orange Cookie Mini Orange Mouse
40%
Moon Rabbit Cookie Moon Mortar
40%
None Ocean Dragon
40%
Onion Cookie Onion Fish
40%
Cream Puff Cookie Owlcorn
40%
Pancake Cookie Pancake Frisbee
40%
Peach Cookie Panda Dumpling
40%
Peppermint Cookie Paper Boat Sailor
40%
Birthday Cake Cookie Party Balloon
40%
Popcorn Cookie Picky Tomato
40%
Pistachio Cookie Pistachio Firefly
40%
Strawberry Cookie Pocket Strawberry
40%
Whipped Cream Cookie Rosette
40%
Skating Queen Cookie Snow Blossom
40%
Snow Sugar Cookie Snow Globe
40%
Ice Juggler Cookie Spectacular Sundae Cup
40%
Chestnut Cookie Spiky
40%
Rockstar Cookie Spotlight Fan
40%
Cherry Blossom Cookie Tea Cup
40%
Sea Fairy Cookie Wave Drop
40%
Wind Archer Cookie Windcatcher
40%
Mimmy Yellow Flower
40%
Popping Candy Cookie Angel Lightstick
20%
Sparkling Cookie Bow Tie Bottle
20%
Rose Cookie Carmine Rose
20%
Carrot Cookie Carrot Cake Rabbit
20%
Macaron Cookie Castanets
20%
Spinach Cookie Caterpea
20%
Sandwich Cookie Cutecumber Sandwich
20%
Dark Choco Cookie Dark Spirit Helmet
20%
Marshmallow Cookie Discordeon
20%
Leek Cookie Elder Bamboo
20%
Werewolf Cookie Furball Pup
20%
Goblin Cookie Gobble Gobblin' Chest
20%
Mala Sauce Cookie Hot Pot Buckler
20%
Squid Ink Cookie Inktopus
20%
Pudding Cookie Jingle Deer
20%
Mocha Ray Cookie Lantern Jellyfish
20%
Salt Cookie Lifesaver
20%
Roll Cake Cookie Light Bros
20%
Rougefort Cookie Lord Crumbles III
20%
Yogurt Cream Cookie Magic Lamp
20%
Tiger Lily Cookie Meat King
20%
Milk Cookie Milk Angel
20%
Mint Choco Cookie Mr. Fa-Sol-La-Si
20%
Chess Choco Cookie Nougat Horse
20%
Red Pepper Cookie Paprika Punching Bag
20%
Cookiedroid Play Block
20%
White Choco Cookie Pocket Watch Referee
20%
Raspberry Mousse Cookie Poodleberry
20%
Ice Candy Cookie Power Candy Tin
20%
Princess Cookie Princess's Locket
20%
Shining Glitter Cookie Producer Mic
20%
Melon Bun Cookie Prospector Moley
20%
Prophet Cookie Purple Candle
20%
Hello Kitty Red Apple
20%
Pomegranate Cookie Ruby Pomegranate
20%
Truffle Cookie Silkweave Cocoon
20%
Space Doughnut Space Mini Ball
20%
Yoga Cookie Speaker Sandwich
20%
Firecracker Cookie Super PEWPEW!
20%
Red Bean Cookie Sweet Rice Seal
20%
None Thundersnow Yeti
20%
Sorbet Shark Cookie Helmsman Wheel
0%
No matching quizzes found
Score Distribution
Percent of People with Each Score
Percentile by Number Answered
Your Score History
You have not taken this quiz